000 00648nam a2200157Ia 4500
008 231221s9999 xx 000 0 und d
020 _a978-3-540-72870-2
041 _aEnglish
100 _aMing-Yang Kao, Xiang-Yang Li
245 0 _aAlgorithmic Aspects in Information and Management
260 _c2007
_bSpringer US
_aNew York
440 _aLecture Notes in Computer Science
650 _aAlgorithm Analysis and Problem Complexity; Data Structures; Discrete Mathematics in Computer Science; Numeric Computing; Probability and Statistics in Computer Science; Management/Business for Professionals
650 _aComputer Science
942 _cEB
999 _c222045
_d222045